[Event "Mecklenburg VP LL2 Ost 1819"]
[Site "Mecklenburg VP"]
[Date "2018.11.11"]
[Round "2.7"]
[White "Peters, Hans Joachim"]
[Black "Jepp, Wolfgang"]
[Result "1-0"]
[WhiteElo "1592"]
[BlackElo "1574"]
[PlyCount "120"]
[EventDate "2018.10.21"]
[EventType "team-tourn"]
[EventRounds "9"]
[EventCountry "GER"]
[SourceTitle "EXT 2022"]
[Source "ChessBase"]
[SourceDate "2021.10.06"]
[SourceVersion "1"]
[SourceVersionDate "2021.10.06"]
[SourceQuality "1"]
[WhiteTeam "Neubrandenburg SG Eintracht II"]
[BlackTeam "Bergen Rugia"]
[WhiteTeamCountry "GER"]
[BlackTeamCountry "GER"]

1. e4 e5 2. Nf3 Nc6 3. Bb5 a6 4. Ba4 Nf6 5. 0-0 b5 6. Bb3 Be7 7. Re1 0-0 8. c3 d6 9. h3 Bb7 10. d3 Na5 11. Bc2 c5 12. Nbd2 Rc8 13. Nf1 Re8 14. Ng3 g6 15. Bh6 Bf8 16. Qd2 Bg7 17. Nh2 Rc7 18. Bxg7 Kxg7 19. Qg5 Bc8 20. Rf1 Ng8 21. Qe3 Nf6 22. f4 d5 23. fxe5 Rxe5 24. Nf3 Re8 25. Qf4 Rce7 26. e5 Ng8 27. d4 c4 28. Rf2 f6 29. exf6+ Nxf6 30. Ne5 Qd6 31. Nxg6 Re1+ 32. Rxe1 Rxe1+ 33. Kh2 Qxf4 34. Nxf4 Nc6 35. Re2 Rc1 36. Bf5 Bxf5 37. Nxf5+ Kf7 38. a3 Rf1 39. g3 Ne4 40. Kg2 Rxf4 41. gxf4 Kf6 42. Ng3 Nd6 43. Kf3 a5 44. Rg2 b4 45. axb4 axb4 46. Nh5+ Ke6 47. Re2+ Kf7 48. Ng3 bxc3 49. bxc3 Nb5 50. Re3 Na3 51. Ne2 Nc2 52. Re5 Nxe5+ 53. fxe5 Ne1+ 54. Kg4 Nd3 55. Nf4 Nf2+ 56. Kf5 Ne4 57. Nxd5 Ng3+ 58. Kf4 Ne2+ 59. Ke3 Ng1 60. h4 Nh3 1-0

[Event "Mecklenburg VP LL2 Ost 1718"]
[Site "Mecklenburg VP"]
[Date "2017.10.08"]
[Round "1.8"]
[White "Peters, Hans Joachim"]
[Black "Stark, Jens"]
[Result "1-0"]
[WhiteElo "1634"]
[BlackElo "1231"]
[PlyCount "69"]
[EventDate "2017.10.08"]
[EventType "team-tourn"]
[EventRounds "9"]
[EventCountry "GER"]
[SourceTitle "EXT 2022"]
[Source "ChessBase"]
[SourceDate "2021.10.06"]
[SourceVersion "1"]
[SourceVersionDate "2021.10.06"]
[SourceQuality "1"]
[WhiteTeam "Neubrandenburg SG Eintracht II"]
[BlackTeam "Waterkant Saal SV"]
[WhiteTeamCountry "GER"]
[BlackTeamCountry "GER"]

1. e4 e5 2. Nf3 d6 3. Bc4 Bg4 4. d3 a6 5. h3 Bxf3 6. Qxf3 Nf6 7. Nc3 b5 8. Bb3 c6 9. 0-0 h6 10. Ne2 a5 11. a3 Be7 12. Ng3 g6 13. Be3 Nbd7 14. Qe2 c5 15. f4 exf4 16. Bxf4 g5 17. Bd2 Ne5 18. Bc3 Qd7 19. Nf5 a4 20. Ba2 g4 21. Bxe5 dxe5 22. hxg4 0-0-0 23. Qf3 h5 24. Nxe7+ Qxe7 25. Qxf6 Qxf6 26. Rxf6 h4 27. Raf1 h3 28. Bxf7 hxg2 29. Kxg2 Rh4 30. Be6+ Kc7 31. Rf8 Rd6 32. R1f7+ Kb6 33. Rb8+ Ka6 34. Bc8+ Ka5 35. Ra7+ 1-0

[Event "Mecklenburg VP LL2 Ost 1516"]
[Site "Mecklenburg VP"]
[Date "2016.02.21"]
[Round "6.4"]
[White "Peters, Hans Joachim"]
[Black "Jabbusch, Burkhard"]
[Result "1/2-1/2"]
[WhiteElo "1748"]
[BlackElo "1688"]
[PlyCount "140"]
[EventDate "2015.09.20"]
[EventType "team-tourn"]
[EventRounds "9"]
[EventCountry "GER"]
[SourceTitle "EXT 2022"]
[Source "ChessBase"]
[SourceDate "2021.10.06"]
[SourceVersion "1"]
[SourceVersionDate "2021.10.06"]
[SourceQuality "1"]
[WhiteTeam "Neubrandenburg SG Eintracht III"]
[BlackTeam "Stralsund FHSG II"]
[WhiteTeamCountry "GER"]
[BlackTeamCountry "GER"]

1. e4 c5 2. Nc3 Nc6 3. g3 e6 4. Bg2 Nf6 5. d3 Be7 6. Be3 0-0 7. f4 d6 8. Nf3 d5 9. e5 Nd7 10. Bd2 f6 11. Bh3 f5 12. Bg2 a6 13. Ne2 Ra7 14. c4 d4 15. h4 g6 16. Ng5 Ndb8 17. Ng1 Bxg5 18. hxg5 Rf7 19. Nf3 Qc7 20. Kf2 Nd7 21. Rh6 Nf8 22. Qc2 b6 23. a3 Rg7 24. Rah1 Nd8 25. Rb1 Bb7 26. b4 Bc6 27. Rhh1 Nd7 28. Rb2 Rf7 29. Rhb1 Kg7 30. bxc5 bxc5 31. Qd1 Rb7 32. Qc2 Rxb2 33. Qxb2 Re7 34. Qc1 Kf8 35. Qe1 Nb7 36. Rb2 Rf7 37. Qh1 Nd8 38. Nh4 Bxg2 39. Qxg2 Kg7 40. Qf3 Nc6 41. Ng2 Rf8 42. Qd1 Rb8 43. Qb1 Rxb2 44. Qxb2 Qb6 45. Qxb6 Nxb6 46. Ne1 Kf7 47. Kf3 Ke7 48. Ke2 Kd7 49. Kd1 Kc7 50. Kc2 Kb7 51. Kb3 Kc7 52. Nc2 a5 53. Be1 Kb7 54. Bf2 Kc7 55. Bg1 Kb7 56. Ne1 Kc7 57. Nf3 Kb7 58. Nh2 Kc7 59. Bf2 Kb7 60. Be1 Kc7 61. Bd2 Kd7 62. g4 Ke7 63. gxf5 exf5 64. Nf3 Ke6 65. Ne1 Ke7 66. Nc2 Ke6 67. Kb2 a4 68. Kc1 Ke7 69. Ne1 Ke6 70. Nf3 Ke7 1/2-1/2

[Event "Mecklenburg VP LL2 Ost 1516"]
[Site "Mecklenburg VP"]
[Date "2015.11.15"]
[Round "3.3"]
[White "Nauschuetz, Ernst"]
[Black "Peters, Hans Joachim"]
[Result "1-0"]
[WhiteElo "1853"]
[BlackElo "1748"]
[PlyCount "53"]
[EventDate "2015.09.20"]
[EventType "team-tourn"]
[EventRounds "9"]
[EventCountry "GER"]
[SourceTitle "EXT 2022"]
[Source "ChessBase"]
[SourceDate "2021.10.06"]
[SourceVersion "1"]
[SourceVersionDate "2021.10.06"]
[SourceQuality "1"]
[WhiteTeam "Greifswald II"]
[BlackTeam "Neubrandenburg SG Eintracht III"]
[WhiteTeamCountry "GER"]
[BlackTeamCountry "GER"]

1. c4 Nf6 2. g3 d6 3. Bg2 Nbd7 4. Nf3 c6 5. 0-0 g6 6. Nc3 Bg7 7. Rb1 a5 8. a3 e5 9. d3 0-0 10. Bg5 h6 11. Bd2 Re8 12. Qc1 Kh7 13. Qc2 Qc7 14. Rfc1 Nf8 15. b4 axb4 16. axb4 Bf5 17. Nh4 Bd7 18. b5 Ne6 19. e3 Rec8 20. Rb2 Ng8 21. Rcb1 Ne7 22. bxc6 Bxc6 23. Nb5 Qd8 24. Qd1 g5 25. Nf3 e4 26. Nfd4 Nc5 27. dxe4 1-0

[Event "Mecklenburg VP LL2 Ost 1516"]
[Site "Mecklenburg VP"]
[Date "2015.10.11"]
[Round "2.3"]
[White "Peters, Hans Joachim"]
[Black "Onasch, Gunnar"]
[Result "1/2-1/2"]
[WhiteElo "1748"]
[BlackElo "1782"]
[PlyCount "43"]
[EventDate "2015.09.20"]
[EventType "team-tourn"]
[EventRounds "9"]
[EventCountry "GER"]
[SourceTitle "EXT 2022"]
[Source "ChessBase"]
[SourceDate "2021.10.06"]
[SourceVersion "1"]
[SourceVersionDate "2021.10.06"]
[SourceQuality "1"]
[WhiteTeam "Neubrandenburg SG Eintracht III"]
[BlackTeam "Waterkant Saal SV"]
[WhiteTeamCountry "GER"]
[BlackTeamCountry "GER"]

1. e4 c5 2. Nc3 Nc6 3. g3 g6 4. Bg2 Bg7 5. d3 e6 6. Be3 Nd4 7. f4 Ne7 8. Nf3 d5 9. Bxd4 cxd4 10. Ne2 Qb6 11. Rb1 Bd7 12. c3 dxc3 13. bxc3 Qc7 14. e5 Rb8 15. 0-0 0-0 16. Qd2 b5 17. Rfc1 Rfc8 18. Nfd4 a6 19. Nb3 Qa7+ 20. d4 Nc6 21. Kh1 Bf8 22. g4 1/2-1/2

[Event "Mecklenburg VP LL2 Ost 1314"]
[Site "Mecklenburg VP"]
[Date "2013.11.24"]
[Round "3.6"]
[White "Peters, Hans Joachim"]
[Black "Boesenberg, Heiko"]
[Result "1/2-1/2"]
[WhiteElo "1701"]
[BlackElo "1590"]
[PlyCount "100"]
[EventDate "2013.10.27"]
[EventType "team-tourn"]
[EventRounds "9"]
[EventCountry "GER"]
[SourceTitle "EXT 2022"]
[Source "ChessBase"]
[SourceDate "2021.10.06"]
[SourceVersion "1"]
[SourceVersionDate "2021.10.06"]
[SourceQuality "1"]
[WhiteTeam "Neubrandenburg SV Turbine"]
[BlackTeam "Wolgast Motor"]
[WhiteTeamCountry "GER"]
[BlackTeamCountry "GER"]

1. e4 e6 2. d4 d5 3. Nc3 Nf6 4. Bg5 Be7 5. e5 Nfd7 6. Bxe7 Qxe7 7. Nf3 a6 8. Bd3 0-0 9. 0-0 c5 10. Re1 Nc6 11. dxc5 Nxc5 12. Bf1 b5 13. a3 Bb7 14. Nd4 Nxd4 15. Qxd4 Rac8 16. Bd3 Nxd3 17. Qxd3 Qc5 18. Rad1 b4 19. axb4 Qxb4 20. Ne2 Rc4 21. c3 Qe7 22. Nd4 Rfc8 23. Ra1 Qg5 24. Qe3 Qxe3 25. Rxe3 Kf8 26. Ree1 Ke7 27. Ra3 R8c7 28. f4 Bc8 29. Ra5 Rb7 30. Re2 Rbc7 31. Kf2 R4c5 32. Rxc5 Rxc5 33. Ke3 f5 34. h3 Bd7 35. Re1 Rc7 36. Ra1 Ra7 37. b4 Rc7 38. Kd2 Bc8 39. g3 Bb7 40. Nb3 Bc8 41. Nc5 Rc6 42. Kd3 h6 43. h4 h5 44. Ra5 Rb6 45. Nb3 Rb5 46. Kd4 Rxa5 47. Nxa5 Kd7 48. Kc5 Kc7 49. Nc6 Bd7 50. Nd4 Bc8 1/2-1/2

[Event "Mecklenburg VP LL2 Ost 1314"]
[Site "Mecklenburg VP"]
[Date "2013.10.27"]
[Round "1.5"]
[White "Peters, Hans Joachim"]
[Black "Giering, Nils"]
[Result "1/2-1/2"]
[WhiteElo "1701"]
[BlackElo "1617"]
[PlyCount "66"]
[EventDate "2013.10.27"]
[EventType "team-tourn"]
[EventRounds "9"]
[EventCountry "GER"]
[SourceTitle "EXT 2022"]
[Source "ChessBase"]
[SourceDate "2021.10.06"]
[SourceVersion "1"]
[SourceVersionDate "2021.10.06"]
[SourceQuality "1"]
[WhiteTeam "Neubrandenburg SV Turbine"]
[BlackTeam "Gryps SV"]
[WhiteTeamCountry "GER"]
[BlackTeamCountry "GER"]

1. e4 e5 2. Nf3 Nc6 3. Bb5 a6 4. Ba4 Nf6 5. 0-0 Be7 6. Re1 b5 7. Bb3 0-0 8. d4 exd4 9. e5 Ne8 10. Nxd4 Nxd4 11. Qxd4 c5 12. Qe4 Rb8 13. c3 Bb7 14. Qg4 d6 15. exd6 Bxd6 16. Bc2 Nf6 17. Qh3 Re8 18. Rxe8+ Qxe8 19. Be3 Bf4 20. Nd2 Bxe3 21. Qxe3 Qxe3 22. fxe3 Rd8 23. Rd1 Ne4 24. Nxe4 Rxd1+ 25. Bxd1 Bxe4 26. Bf3 Bxf3 27. gxf3 f5 28. Kf2 Kf7 29. b3 g5 30. Kg3 h5 31. c4 Kf6 32. f4 g4 33. Kh4 Kg6 1/2-1/2

[Event "Mecklenburg VP LL2 Ost 1213"]
[Site "Mecklenburg VP"]
[Date "2013.04.14"]
[Round "8.5"]
[White "Kilp, Andreas"]
[Black "Peters, Hans Joachim"]
[Result "1/2-1/2"]
[WhiteElo "1675"]
[BlackElo "1720"]
[PlyCount "62"]
[EventDate "2012.10.14"]
[EventType "team-tourn"]
[EventRounds "9"]
[EventCountry "GER"]
[SourceTitle "EXT 2022"]
[Source "ChessBase"]
[SourceDate "2021.10.06"]
[SourceVersion "1"]
[SourceVersionDate "2021.10.06"]
[SourceQuality "1"]
[WhiteTeam "Torgelow Droegeheide II"]
[BlackTeam "Neubrandenburg SV Turbine"]
[WhiteTeamCountry "GER"]
[BlackTeamCountry "GER"]

1. e4 e6 2. d4 d5 3. exd5 exd5 4. Bd3 Nc6 5. c3 Bd6 6. Qc2 Nge7 7. Bg5 h6 8. Bh4 Be6 9. Nd2 Qd7 10. Ne2 Bf5 11. Bg3 Bxd3 12. Qxd3 Qf5 13. Qxf5 Nxf5 14. Bxd6 Nxd6 15. Nf4 Ne7 16. 0-0 0-0 17. Rfe1 Rfe8 18. Re2 c6 19. Rae1 Kf8 20. f3 Ng8 21. Nd3 Rxe2 22. Rxe2 Re8 23. Ne5 Re7 24. Kf2 Nf6 25. Nb3 Nd7 26. Nxd7+ Rxd7 27. Nc5 Re7 28. Rxe7 Kxe7 29. b3 b6 30. Nd3 f6 31. Ke2 a5 1/2-1/2

[Event "Mecklenburg VP LL2 Ost 1213"]
[Site "Mecklenburg VP"]
[Date "2013.01.13"]
[Round "5.4"]
[White "Hertel Mach, Frank"]
[Black "Peters, Hans Joachim"]
[Result "1-0"]
[WhiteElo "1787"]
[BlackElo "1720"]
[PlyCount "149"]
[EventDate "2012.10.14"]
[EventType "team-tourn"]
[EventRounds "9"]
[EventCountry "GER"]
[SourceTitle "EXT 2022"]
[Source "ChessBase"]
[SourceDate "2021.10.06"]
[SourceVersion "1"]
[SourceVersionDate "2021.10.06"]
[SourceQuality "1"]
[WhiteTeam "Malchow Schachinsel"]
[BlackTeam "Neubrandenburg SV Turbine"]
[WhiteTeamCountry "GER"]
[BlackTeamCountry "GER"]

1. e4 e6 2. f4 d5 3. exd5 exd5 4. Nf3 Nf6 5. d4 Be7 6. Bd3 Nc6 7. 0-0 Nb4 8. Be2 Bf5 9. Na3 a6 10. c3 Nc6 11. Nc2 0-0 12. Ne3 Be4 13. Qe1 h6 14. Ne5 Qd6 15. Qg3 Bh7 16. Bf3 Rad8 17. Qh3 Ne4 18. Nf5 Bxf5 19. Qxf5 Nf6 20. Bd2 Nh7 21. Rae1 Qf6 22. Qd3 Rfe8 23. Bh5 g6 24. Bd1 Bf8 25. Bc2 Ne7 26. g4 Qg7 27. Rf3 Nf6 28. g5 Ne4 29. gxh6 Qxh6 30. Rh3 Qg7 31. Ng4 Nf5 32. Bc1 Nf6 33. Ne5 Ne4 34. Qf3 Nfd6 35. Kh1 Qf6 36. Rg1 Qf5 37. Qg2 Qxh3 38. Qxh3 Nf2+ 39. Kg2 Nxh3 40. Kxh3 Bg7 41. Kg4 Ne4 42. h4 f5+ 43. Kf3 Bxe5 44. fxe5 Kf7 45. Bxe4 fxe4+ 46. Kg4 Rg8 47. Bg5 Rde8 48. Rf1+ Kg7 49. Bf6+ Kh7 50. Kg5 Rgf8 51. Rh1 Rg8 52. Kf4 Kh6 53. Kg4 Re6 54. Rh2 Rf8 55. Rf2 Rf7 56. Bg5+ Kg7 57. Rh2 Rf3 58. Bd8 c6 59. Bg5 Re8 60. h5 Rf1 61. hxg6 Kxg6 62. Rh6+ Kg7 63. Rd6 Rg1+ 64. Kf5 Rf1+ 65. Kg4 Rf7 66. Kh5 Rh8+ 67. Kg4 Rh2 68. e6 Rg2+ 69. Kh4 Rxg5 70. Kxg5 Re7 71. Rd7 Kf8 72. Kf6 e3 73. Rxe7 e2 74. Rxb7 Kg8 75. Rg7+ 1-0

[Event "Mecklenburg VP LL2 Ost 0809"]
[Site "Mecklenburg VP"]
[Date "2008.12.14"]
[Round "4.5"]
[White "Boecking, Uwe"]
[Black "Peters, Hans Joachim"]
[Result "1/2-1/2"]
[WhiteElo "1694"]
[BlackElo "1631"]
[PlyCount "65"]
[EventDate "2008.09.28"]
[EventType "team-tourn"]
[EventRounds "9"]
[EventCountry "GER"]
[SourceTitle "EXT 2022"]
[Source "ChessBase"]
[SourceDate "2021.10.06"]
[SourceVersion "1"]
[SourceVersionDate "2021.10.06"]
[SourceQuality "1"]
[WhiteTeam "Warnemuende SF Ostsee II"]
[BlackTeam "Neubrandenburg SV Turbine"]
[WhiteTeamCountry "GER"]
[BlackTeamCountry "GER"]

1. e4 e5 2. Nf3 Nc6 3. Bb5 a6 4. Ba4 Nf6 5. 0-0 b5 6. Bb3 Be7 7. Re1 0-0 8. d4 d6 9. c3 Bg4 10. d5 Na5 11. Bc2 Nc4 12. b3 Nb6 13. Nbd2 Ne8 14. h3 Bd7 15. g4 g6 16. Nf1 Bf6 17. Ng3 Bg7 18. Kh2 Nc8 19. Bd3 Ne7 20. Qc2 f5 21. gxf5 gxf5 22. Nxf5 Nxf5 23. exf5 Qf6 24. Bg5 Qf7 25. Be3 Bxf5 26. Ng5 Bxd3 27. Qxd3 Qf5 28. Qxf5 Rxf5 29. Rac1 Bh6 30. Rg1 Kh8 31. Rg4 Bxg5 32. Rxg5 Rxg5 33. Bxg5 1/2-1/2

[Event "Mecklenburg VP LL2 Ost 0809"]
[Site "Mecklenburg VP"]
[Date "2008.10.26"]
[Round "2.5"]
[White "Windjaeger, Gerd"]
[Black "Peters, Hans Joachim"]
[Result "1/2-1/2"]
[WhiteElo "1685"]
[BlackElo "1631"]
[PlyCount "90"]
[EventDate "2008.09.28"]
[EventType "team-tourn"]
[EventRounds "9"]
[EventCountry "GER"]
[SourceTitle "EXT 2022"]
[Source "ChessBase"]
[SourceDate "2021.10.06"]
[SourceVersion "1"]
[SourceVersionDate "2021.10.06"]
[SourceQuality "1"]
[WhiteTeam "Wolgast Motor"]
[BlackTeam "Neubrandenburg SV Turbine"]
[WhiteTeamCountry "GER"]
[BlackTeamCountry "GER"]

1. d4 Nf6 2. Nf3 d6 3. Nbd2 Nbd7 4. e4 e5 5. dxe5 Nxe5 6. Nxe5 dxe5 7. Bc4 Bc5 8. 0-0 0-0 9. Qf3 Qe7 10. c3 Bg4 11. Qg3 Bh5 12. b4 Bb6 13. Kh1 Bg6 14. f3 Nh5 15. Qe1 Nf4 16. Nb3 Ne6 17. a4 a6 18. Be3 Bxe3 19. Qxe3 Rfd8 20. Rfd1 Kf8 21. Na5 Rxd1+ 22. Rxd1 Rd8 23. Rxd8+ Nxd8 24. Nb3 Qd6 25. Qc5 Ke7 26. Kg1 f6 27. Kf2 Be8 28. a5 Ba4 29. Qxd6+ Kxd6 30. Nc5 Bd7 31. Ke3 Bc8 32. g3 Nc6 33. h4 Nb8 34. f4 b6 35. axb6 cxb6 36. Nb3 Be6 37. Bxe6 Kxe6 38. Kd3 Kd6 39. Kc4 Nc6 40. b5 axb5+ 41. Kxb5 Kc7 42. Nd2 Na7+ 43. Ka6 Nc6 44. Nc4 Nb8+ 45. Kb5 Nd7 1/2-1/2

[Event "Mecklenburg VP LL1 0506"]
[Site "Mecklenburg VP"]
[Date "2006.02.19"]
[Round "7.5"]
[White "Jasinski, Viktor"]
[Black "Peters, Hans Joachim"]
[Result "1/2-1/2"]
[WhiteElo "1688"]
[BlackElo "1696"]
[PlyCount "124"]
[EventDate "2005.10.23"]
[EventType "team"]
[EventRounds "9"]
[EventCountry "GER"]
[SourceTitle "EXT 2008"]
[Source "ChessBase"]
[SourceDate "2007.11.25"]
[SourceVersion "1"]
[SourceVersionDate "2007.11.25"]
[SourceQuality "1"]
[WhiteTeam "Wolgast Motor"]
[BlackTeam "Neubrandenburg SV Turbine"]
[WhiteTeamCountry "GER"]
[BlackTeamCountry "GER"]

1. d4 Nf6 2. c4 d6 3. g3 Nbd7 4. Bg2 c6 5. Nf3 e5 6. dxe5 dxe5 7. 0-0 Bc5 8. Nc3 0-0 9. Bg5 Qc7 10. Qc2 h6 11. Bxf6 Nxf6 12. Ne4 Be7 13. Rad1 Be6 14. Rd2 Rad8 15. Rfd1 Rd7 16. Nxf6+ Bxf6 17. Rxd7 Bxd7 18. e4 Be6 19. b3 Rd8 20. Rxd8+ Qxd8 21. Qd2 Qxd2 22. Nxd2 Kf8 23. f4 exf4 24. gxf4 Bd4+ 25. Kf1 Be3 26. f5 Bxf5 27. exf5 Bxd2 28. Ke2 Bf4 29. h3 Ke7 30. Kf3 Bd6 31. Ke4 Kf6 32. Bf3 Kg5 33. Be2 Kh4 34. Bf1 Kg3 35. Kd4 f6 36. Ke3 Bc5+ 37. Kd2 Kf2 38. Be2 Kg2 39. Bg4 Kg3 40. Kc3 a5 41. Kd3 Kf4 42. Kd2 b6 43. Ke2 Bd4 44. Kd3 Bg1 45. Kc3 Bf2 46. Kd3 h5 47. Bxh5 Kxf5 48. Ke2 Bg1 49. Kf3 g6 50. Bg4+ Ke5 51. Bd7 c5 52. h4 Kd4 53. Be8 Kc3 54. Bxg6 Bd4 55. Bf5 Kd2 56. h5 Be3 57. Ke4 Bg5 58. Kd5 Kc3 59. Kc6 Kb2 60. Kxb6 Kxa2 61. Kxa5 Kxb3 62. Kb5 Be3 1/2-1/2

[Event "Mecklenburg VP LL2 Ost 0102"]
[Site "Mecklenburg VP"]
[Date "2001.11.11"]
[Round "2.3"]
[White "Higgelke, Anne"]
[Black "Peters, Hans Joachim"]
[Result "1/2-1/2"]
[WhiteElo "1742"]
[BlackElo "1838"]
[PlyCount "49"]
[EventDate "2001.10.07"]
[EventType "team-tourn"]
[EventRounds "9"]
[EventCountry "GER"]
[SourceTitle "EXT 2003"]
[Source "ChessBase"]
[SourceDate "2002.11.25"]
[SourceVersion "1"]
[SourceVersionDate "2002.11.25"]
[SourceQuality "1"]
[WhiteTeam "Neubrandenburg SG Eintracht II"]
[BlackTeam "Neubrandenburg SV Turbine"]
[WhiteTeamCountry "GER"]
[BlackTeamCountry "GER"]

1. c4 Nf6 2. Nc3 c6 3. d4 d6 4. Nf3 Nbd7 5. e3 e5 6. dxe5 dxe5 7. Be2 Be7 8. 0-0 0-0 9. Qc2 Qc7 10. b3 b6 11. Bb2 Bb7 12. Rfd1 Rad8 13. Rd2 Nc5 14. Rad1 Rxd2 15. Rxd2 Rd8 16. Rxd8+ Bxd8 17. Qf5 Ncd7 18. Bd3 g6 19. Qh3 Qd6 20. Bf1 Be7 21. e4 Bc8 22. Qh6 Nh5 23. Qd2 Nf4 24. Qxd6 Bxd6 25. g3 1/2-1/2